000 00716nam a2200193 a 4500
001 3520998
005 20240206034308.0
008 950914s1993 ce b s001 0 eng
020 _a955904415X
040 _aDLC
_cDLC
082 0 0 _a306.7/0934
_220
_bSEX.
100 1 _aPerera, L. P. N.,
245 1 0 _aSexuality in ancient India :
_ba study based on the Pali Vinayapitaka /
_cL.P.N. Perera.
260 _aKelaniya :
_bPostgraduate Institute of Pali and Buddhist Studies, University of Kelaniya, Sri Lanka,
_c1993.
300 _axv, 282 p. ;
500 _a"A thesis presented to the University of Sri Lanka (Ceylon) Peradeniya Campus for the Degree of Doctor of Philosophy"--T.p. verso.
650 0 _aSex
942 _cL
999 _c301
_d301